World Capitals - Blind Typing - Statistics

General Stats
  • This quiz has been taken 1,722 times
  • The average score is 154 of 196
Answer Stats
Capital City % Correct
Washington D.C.
94%
Ottawa
93%
Paris
91%
Berlin
90%
London
90%
Mexico City
90%
Brasília
89%
Lisbon
89%
Moscow
89%
Tokyo
89%
Amsterdam
88%
Madrid
88%
Oslo
88%
Rome
88%
Beijing
87%
Brussels
87%
Lima
87%
Stockholm
87%
Athens
86%
Bern
86%
Bogotá
86%
Budapest
86%
Buenos Aires
86%
Cairo
86%
Canberra
86%
Dublin
86%
Guatemala City
86%
Helsinki
86%
Kingston
86%
Kingstown
86%
New Delhi
86%
Panama City
86%
Pretoria, Cape Town or Bloemfontein
86%
Santiago
86%
Seoul
86%
Vatican City
86%
Bucharest
85%
Copenhagen
85%
Jerusalem
85%
Prague
85%
San Marino
85%
Warsaw
85%
Wellington
85%
Caracas
84%
Havana
84%
Jakarta
84%
La Paz or Sucre
84%
Luxembourg
84%
Minsk
84%
Monaco
84%
Vienna
84%
Algiers
83%
Andorra la Vella
83%
Ankara
83%
Bangkok
83%
Belgrade
83%
Georgetown
83%
Hanoi
83%
Montevideo
83%
Port-au-Prince
83%
Pyongyang
83%
Quito
83%
Reykjavík
83%
Riga
83%
San Salvador
83%
Sofia
83%
Tallinn
83%
Vilnius
83%
Zagreb
83%
Abu Dhabi
82%
Baghdad
82%
Islamabad
82%
Manila
82%
Riyadh
82%
San José
82%
Singapore
82%
Tehran
82%
Tunis
82%
Vaduz
82%
Valletta
82%
Asunción
81%
Bratislava
81%
Damascus
81%
Dhaka
81%
Ljubljana
81%
Sarajevo
81%
Ulaanbaatar
81%
Addis Ababa
80%
Astana
80%
Beirut
80%
Doha
80%
Kabul
80%
Kathmandu
80%
Kiev
80%
Kuala Lumpur
80%
Port-of-Spain
80%
Rabat
80%
Tirana
80%
Abuja
79%
Amman
79%
Baku
79%
Chișinău
79%
Djibouti
79%
Kuwait City
79%
Managua
79%
Muscat
79%
Nairobi
79%
Nassau
79%
Nicosia
79%
Paramaribo
79%
Podgorica
79%
Skopje
79%
Tbilisi
79%
Tripoli
79%
Belmopan
78%
Dakar
78%
Kinshasa
78%
Malé
78%
Pristina
78%
Sana'a
78%
Santo Domingo
78%
Tashkent
78%
Tegucigalpa
78%
Accra
77%
Bridgetown
77%
Dili
77%
Freetown
77%
Khartoum
77%
Luanda
77%
Taipei
77%
Ashgabat
76%
Mogadishu
76%
Phnom Penh
76%
Saint George's
76%
Saint John's
76%
Victoria
76%
Yerevan
76%
Bishkek
75%
Brazzaville
75%
Dushanbe
75%
Port Moresby
75%
Vientiane
75%
Windhoek
75%
Castries
74%
Harare
74%
Juba
74%
Kampala
74%
São Tomé
74%
Antananarivo
73%
Asmara
73%
Basseterre
73%
Bissau
73%
Dodoma
73%
Kigali
73%
Manama
73%
Maputo
73%
Monrovia
73%
Roseau
73%
Sri Jayawardenapura Kotte
73%
Suva
73%
Thimphu
73%
Lomé
72%
Lusaka
72%
Port Louis
72%
Apia
71%
Banjul
71%
Libreville
71%
Naypyidaw
71%
Niamey
71%
Porto-Novo or Cotonou
71%
Bamako
70%
Bandar Seri Begawan
70%
Bangui
70%
N'Djamena
70%
Port Vila
70%
Praia
70%
Yaoundé
70%
Conakry
69%
Gaborone
69%
Malabo
69%
Maseru
69%
Ouagadougou
69%
Funafuti
68%
Lilongwe
68%
Mbabane
68%
Nouakchott
68%
Yamoussoukro
68%
Moroni
67%
Honiara
66%
Nuku'alofa
66%
Palikir
65%
Yaren
65%
Ngerulmud
64%
Majuro
63%
South Tarawa
63%
Bujumbura
45%
No matching quizzes found
Score Distribution
Percent of People with Each Score
Percentile by Number Answered
Your Score History
You have not taken this quiz